Statistics for Municipalities of Bosnia and Herzegovina by population

Click here to take the quiz!

General Stats

  • This quiz has been taken 48 times
  • The average score is 10 of 20

Answer Stats

PopulationMunicipality% Correct
185.042Banja Luka
93%
110.979Tuzla
93%
105.797Mostar
88%
107.715Bijeljina
79%
56.261Bihać
76%
110.663Zenica
76%
83.516Brčko
74%
71.441Doboj
64%
89.397Prijedor
52%
66.149Cazin
43%
53.482Travnik
43%
58.856Zvornik
43%
44.520Lukavac
36%
64.814Novo Sarajevo
36%
57.765Živinice
36%
118.553Novi Grad Sarajevo
26%
45.220Gračanica
24%
55.181Centar Sarajevo
19%
51.727Bosanska Gradiška
14%
66.730Hadžići
10%

Score Distribution

Percentile by Number Answered

Percent of People with Each Score

Your Score History

You have not taken this quiz